Representative Government in Modern Europe / (Record no. 13238)
[ view plain ]
| 000 -LEADER | |
|---|---|
| fixed length control field | 01512cam a2200337 a 4500 |
| 001 - CONTROL NUMBER | |
| control field | 2543424 |
| 005 - DATE AND TIME OF LATEST TRANSACTION | |
| control field | 20000426111543.0 |
| 008 - FIXED-LENGTH DATA ELEMENTS--GENERAL INFORMATION | |
| fixed length control field | 940930s1995 nyuab |rb 001 0 eng d |
| 010 ## - LIBRARY OF CONGRESS CONTROL NUMBER | |
| LC control number | 94039621 |
| 020 ## - INTERNATIONAL STANDARD BOOK NUMBER | |
| International Standard Book Number | 007036687X (acidfree paper) : |
| Terms of availability | $18.75 |
| 040 ## - CATALOGING SOURCE | |
| Original cataloging agency | DLC |
| Transcribing agency | DLC |
| Modifying agency | DLC |
| 043 ## - GEOGRAPHIC AREA CODE | |
| Geographic area code | e------ |
| 050 00 - LIBRARY OF CONGRESS CALL NUMBER | |
| Classification number | JN94.A91 |
| Item number | G35 1995 |
| 082 00 - DEWEY DECIMAL CLASSIFICATION NUMBER | |
| Classification number | 321.8043094 |
| Edition number | 20 |
| Item number | GAL |
| 100 1# - MAIN ENTRY--PERSONAL NAME | |
| Personal name | Gallagher, Michael, |
| Dates associated with a name | 1951- |
| 9 (RLIN) | 10788 |
| 245 10 - TITLE STATEMENT | |
| Title | Representative Government in Modern Europe / |
| Statement of responsibility, etc | Michael Gallagher, Michael Laver, Peter Mair. |
| 250 ## - EDITION STATEMENT | |
| Edition statement | 2nd ed. |
| 260 ## - PUBLICATION, DISTRIBUTION, ETC. (IMPRINT) | |
| Place of publication, distribution, etc | New York : |
| Name of publisher, distributor, etc | McGraw-Hill, |
| Date of publication, distribution, etc | c1995. |
| 300 ## - PHYSICAL DESCRIPTION | |
| Extent | xiv, 434 p. : |
| Other physical details | ill., maps ; |
| Dimensions | 24 cm. |
| 500 ## - GENERAL NOTE | |
| General note | Rev. ed. of: Representative government in Western Europe. 1992. |
| 504 ## - BIBLIOGRAPHY, ETC. NOTE | |
| Bibliography, etc | Includes bibliographical references and index. |
| 650 #0 - SUBJECT ADDED ENTRY--TOPICAL TERM | |
| Topical term or geographic name as entry element | Representative government and representation |
| Geographic subdivision | Europe |
| General subdivision | Case studies. |
| 9 (RLIN) | 10789 |
| 650 #0 - SUBJECT ADDED ENTRY--TOPICAL TERM | |
| Topical term or geographic name as entry element | Political parties |
| Geographic subdivision | Europe |
| General subdivision | Case studies. |
| 9 (RLIN) | 10790 |
| 651 #0 - SUBJECT ADDED ENTRY--GEOGRAPHIC NAME | |
| Geographic name | Europe |
| General subdivision | Politics and government |
| Chronological subdivision | 1945- |
| 9 (RLIN) | 10791 |
| 700 1# - ADDED ENTRY--PERSONAL NAME | |
| Personal name | Laver, Michael, |
| Dates associated with a name | 1949- |
| 9 (RLIN) | 10792 |
| 700 1# - ADDED ENTRY--PERSONAL NAME | |
| Personal name | Mair, Peter. |
| 9 (RLIN) | 10793 |
| 700 1# - ADDED ENTRY--PERSONAL NAME | |
| Personal name | Gallagher, Michael, |
| Titles and other words associated with a name | Ph. D. |
| Title of a work | Representative Government in Western Europe. |
| 9 (RLIN) | 10794 |
| 942 ## - ADDED ENTRY ELEMENTS (KOHA) | |
| Source of classification or shelving scheme | Dewey Decimal Classification |
| Item type | Book - Borrowing |
| Withdrawn status | Item status | Source of classification or shelving scheme | Damaged status | Not for loan | Vendor | Home library | Current library | Shelving location | Date acquired | Source of acquisition | Total Checkouts | Total Renewals | Full call number | Barcode | Date last seen | Date last borrowed | Koha item type | Public note |
|---|---|---|---|---|---|---|---|---|---|---|---|---|---|---|---|---|---|---|
| Dewey Decimal Classification | Donation-Gift | Central Library | Central Library | First floor | 01/02/2010 | Donation | 2 | 2 | 321.8043094 GAL | 000019143 | 15/07/2025 | 15/10/2018 | Book - Borrowing | Donated by : Dr. Bassem Ahmed |